000 00596nam a2200229Ia 4500
003 OSt
005 20220926042142.0
006 a|||||r|||| 00| 0
007 ta
008 220923b |||||||| |||| 00| 0 eng d
037 _cGeneral Book
040 _aRTL
_cRTL
_beng
041 _2eng
_aeng
082 _aXM5:(Z2.N56):g, J8
100 _aThayil Philip K
_9345889
245 0 _aCompanies diractiors
260 _c1958
490 _aCompany Law Series,5
650 _aCompany Law
942 _hXM5:(Z2.N56):g, J8
_cGB
_2CC
999 _c669015
_d669015